000 00732nam a2200289Ia 4500
005 20260324120301.0
008 008 260324s9999 xx 000 0 eng d
020 _a9781315750767
037 _aEBOOK
040 _aCRL
040 _beng
040 _cCRL
041 _2eng
041 _aeng
084 _qCRL
100 _aLisa Sancisi; Margaret Edgington
_91157957
245 0 _aDeveloping High Quality Observation, Assessment and Planning in the Early Years
245 0 _bMade to measure
260 _bTaylor and Francis
260 _c2015
365 _a
365 _b230
856 _uhttp://www.taylorfrancis.com/books/9781315750767
942 _cEBOOK
999 _c1749411
_d1749411